Industry hit by new equality law (Record no. 82744)

MARC details
000 -LEADER
fixed length control field 00748cab a22001935a 4500
001 - CONTROL NUMBER
control field L151263
008 - FIXED-LENGTH DATA ELEMENTS--GENERAL INFORMATION
fixed length control field 101012e2010 xxk 000 0 eng d
035 ## - SYSTEM CONTROL NUMBER
System control number (Sirsi) u151263
041 0# - LANGUAGE CODE
Language code of text/sound track or separate title eng
100 1# - MAIN ENTRY--PERSONAL NAME
Personal name Thomas, Daniel
245 00 - TITLE STATEMENT
Title Industry hit by new equality law
Remainder of title Equality Act 2010 will make it harder for firms to carry out pre-employment health checks
260 ## - PUBLICATION, DISTRIBUTION, ETC.
Date of publication, distribution, etc. 2010
490 #0 - SERIES STATEMENT
Series statement Construction News
Volume/sequential designation (7188) 7 October 2010, 23(1)
520 ## - SUMMARY, ETC.
Summary, etc. Examines the Equality Act 2010 which replaces all existing discrimination legislation and will require construction companies to update their employment policies.
590 ## - LOCAL NOTE (RLIN)
Local note KA
651 #4 - SUBJECT ADDED ENTRY--GEOGRAPHIC NAME
Geographic name United Kingdom
Chronological subdivision
690 ## - LOCAL SUBJECT ADDED ENTRY--TOPICAL TERM (OCLC, RLIN)
Topical term or geographic name as entry element MANAGEMENT-BUSINESS MANAGEMENT-DISCRIMINATION
942 ## - ADDED ENTRY ELEMENTS (KOHA)
Suppress in OPAC 0
Holdings
Withdrawn status Lost status Source of classification or shelving scheme Damaged status Not for loan Home library Current library Shelving location Date acquired Total Checkouts Full call number Barcode Date last seen Copy number Price effective from Koha item type
    Dewey Decimal Classification     London London Journal article 12/10/2010   L151263 151263-1001 06/08/2019 1 06/08/2019 Journal article